Studies on blends of superior processing natural rubber and EPDM (Record no. 50912)

MARC details
000 -LEADER
fixed length control field 00509nam a2200193Ia 4500
100 ## - MAIN ENTRY--AUTHOR NAME
Personal name Nair N.R.
245 #0 - TITLE STATEMENT
Title Studies on blends of superior processing natural rubber and EPDM
260 ## - PUBLICATION, DISTRIBUTION, ETC. (IMPRINT)
Name of publisher Indian Journal of Natural Rubber Research
Year of publication 1992
300 ## - PHYSICAL DESCRIPTION
Number of Pages 78-85
650 ## - SUBJECT ADDED ENTRY--TOPICAL TERM
Topical Term Blend
650 ## - SUBJECT ADDED ENTRY--TOPICAL TERM
Topical Term EPDM
650 ## - SUBJECT ADDED ENTRY--TOPICAL TERM
Topical Term Extrusion
650 ## - SUBJECT ADDED ENTRY--TOPICAL TERM
Topical Term Natural rubber
650 ## - SUBJECT ADDED ENTRY--TOPICAL TERM
Topical Term Ozone resistance
700 ## - ADDED ENTRY--PERSONAL NAME
Personal name George K.M.
700 ## - ADDED ENTRY--PERSONAL NAME
Personal name Mathew N.M.
942 ## - ADDED ENTRY ELEMENTS (KOHA)
Koha item type Bibliography STAF
Holdings
Withdrawn status Lost status Damaged status Not for loan Home library Current library Shelving location Date acquired Serial Enumeration / chronology Koha item type
      Bibliography RRII Library RRII Library Rubber chemistry 09/04/2014 Volume 5, Issue 1&2 Bibliography STAF